000 00324nam a2200121Ia 4500
999 _c2083
_d2083
020 _a0 19 564191 4
082 _aRR 016.33 GHO
100 _aGhosal, Satyabrata comp.
245 0 _aUser's guide to the economic and political weekly 1966-1996
260 _aDelhi
_bOxford University Press
_c1997
300 _a409p.
942 _cBK